Statistics for Vyjmenovaná slova po P

Click here to take the quiz!

General Stats

  • This quiz has been taken 38 times
  • The average score is 10 of 14

Answer Stats

Answer% Correct
netopýr
94%
pysk
94%
pytel
94%
pýcha
90%
pyl
90%
slepýš
84%
klopýtat
71%
pýr
71%
kopyto
65%
pykat
65%
pýřit se
65%
čepýřit se
61%
zpytovat
55%
třpytit se
52%

Score Distribution

Percentile by Number Answered

Percent of People with Each Score

Your Score History

You have not taken this quiz